00848nam a22002537a 4500003000200000005001700002008000200019010001300021020002600034035002300060037001600083040001500099082001500114245012300129246000600252260003800258270004700296300002600343500005100369650004700420650009500467700001600562700001600578020180724101500.00 aB-167110 c550.00a9788125028123 aB-167110, B-167111 bCen Lib/Ret aDPLbENc0 a307.72BET aBetween ethnography and fiction :cedited by T.B. Subba [and] Sujit Sombverrier elwin and tribal question in india / b  bOrient Longman c2005aHyderabad  bHyderabad a3-6-752, himayat nagare500029 aviii, 260p.c21cm(Hb) aIncludes bibliographical references and index  aIndien -- Elwin, Verrier -- Völkerkunde. aElwin, Verrier -- Stammesgesellschaft -- Ethnologie -- Indien -- Kongress (Shillong, 2003) aSubba, T.B. aSom, Sujit